Classroom of The Elite Trivia - Statistics

General Stats
  • This quiz has been taken 761 times
  • The average score is 7 of 10
Answer Stats
Question Answer % Correct
Which class was Ayanokōji placed in? Class D
96%
What is the name of the main character? Kiyotaka Ayanokōji
95%
What score does Ayanokōji prefer to have? 50%
87%
Who is Ayanokōjis girlfriend? Kei Karuizawa
84%
Who has the most Private Points? Honami Ichinose
82%
Who is the primary enemy in Season 2? Kakeru Ryūen
82%
Where was the last exam in Season 1? Uninhabited Island
77%
What is the name of the program that assesses students in real-time? S-Point / S-System
56%
What is it, that matters most to Ayanokōji? Winning
56%
How many Class Points were given in the first month? 1.000
8%
No matching quizzes found
Score Distribution
Percent of People with Each Score
Percentile by Number Answered
Your Score History
You have not taken this quiz